Оптическое удлинение световодов в фотополимеризующихся композициях; Письма в Журнал технической физики; Т. 28, вып. 13

Bibliografiske detaljer
Parent link:Письма в Журнал технической физики/ Российская академия наук (РАН), Физико-технический институт им. А. Ф. Иоффе (ФТИ) ; Отделение общей физики и астрономии РАН.— , 1975-.— 0320-0116
Т. 28, вып. 13.— 2002.— с. 15-18
Hovedforfatter: Лонин А. Л.
Andre forfattere: Менсов С. Н.
Sprog:russisk
Udgivet: 2002
Fag:
Format: MixedMaterials Book Chapter
KOHA link:https://koha.lib.tpu.ru/cgi-bin/koha/opac-detail.pl?biblionumber=440969

MARC

LEADER 00000naa2a2200000 4500
001 440969
005 20231101081338.0
035 |a (RuTPU)RU\TPU\prd\102456 
035 |a RU\TPU\prd\8103 
090 |a 440969 
100 |a 20110314a2002 k y0rusy50 ca 
101 0 |a rus 
102 |a RU 
200 1 |a Оптическое удлинение световодов в фотополимеризующихся композициях  |f А. Л. Лонин, С. Н. Менсов 
320 |a Библиогр.: 4 назв. 
461 1 |0 (RuTPU)RU\TPU\prd\486  |x 0320-0116  |t Письма в Журнал технической физики  |f Российская академия наук (РАН), Физико-технический институт им. А. Ф. Иоффе (ФТИ) ; Отделение общей физики и астрономии РАН  |d 1975- 
463 1 |0 (RuTPU)RU\TPU\prd\102453  |t Т. 28, вып. 13  |v с. 15-18  |d 2002 
610 1 |a световоды 
610 1 |a волноведущие каналы 
610 1 |a оптические способы 
610 1 |a излучения 
610 1 |a оптические волокна 
610 1 |a фотоприёмники 
700 1 |a Лонин  |b А. Л. 
701 1 |a Менсов  |b С. Н. 
801 1 |a RU  |b 63413507  |c 20021105  |g PSBO 
801 2 |a RU  |b 63413507  |c 20110314  |g RCR 
942 |c BK